| 000 | 00000nam##2200000za#4500 |
| 001 | 9.576743 |
| 003 | CaOODSP |
| 005 | 20210624185302 |
| 007 | cr ||||||||||| |
| 008 | 150406|1997||||xxc|||||o f|0| 0 eng|d |
| 040 | |aCaOODSP|beng |
| 043 | |an-cn--- |
| 086 | 1 |aD83-5/97-1E-PDF |
| 110 | 1 |aCanada.|bEmergency Preparedness Canada. |
| 245 | 10|aEPC Electronic Disaster Database and its characteristics : |h[electronic resource]|bProject report 97-1 / |cby Carol Tudor. |
| 260 | |aOttawa - Ontario : |bEmergency Preparedness Canada |c1997. |
| 300 | |a32p.|breferences, tables |
| 490 | 1 |aProject report|v97-1 |
| 500 | |aCatalogue number and ISBN of the print edition appears in electronic version. |
| 590 | |a13-15-Supp|b2013-06-24 |
| 720 | 1 |aTudor, Carol |
| 775 | 08|tLa base de données de PCC sur les désastres et ses caractéristiques : |w(CaOODSP)9.605737 |
| 830 | #0|aProject report ;|v97-1|w(CaOODSP)9.507119 |
| 856 | 40|ahttp://publications.gc.ca|qPDF|s171 KB|uhttps://publications.gc.ca/collections/Collection/D83-5-97-1E.pdf|y97-1 |